000 00650nmm a2200193Ia 4500
008 251105s9999||||xx |||||||||||||||||und||
020 _a9788477338925
041 _aspa
100 _aRobledo Hernández, Ricardo
245 0 _a¿Interés particular, bienestar público? Grandes patrimonios y reformas agrarias
264 _a[Madrid, España] :
_bPrensas Universitarias de Zaragoza,
_c2007
300 _a581 páginas
490 _aCiencias sociales
650 _aEconomics and Business
700 _aRobledo Hernández, Ricardo
700 1 _a López García, Santiago
856 _uhttps://public.digitaliapublishing.com/a/2129
942 _cCF
999 _c70599
_d70599